Tự học lập trình Pascal. Tập 2 (Có thể tham khảo để dạy cho học sinh lớp 7)

Gorde:
Xehetasun bibliografikoak
Formatua: Liburua
Hizkuntza:Vietnamese
Argitaratua: Giáo Dục 1999
Gaiak:
Etiketak: Etiketa erantsi
Etiketarik gabe, Izan zaitez lehena erregistro honi etiketa jartzen!
Thư viện lưu trữ: Mạng thư viện Đại học Đà Nẵng
LEADER 01070nam a2200301 a 4500
001 000002115
003 01063
005 20171229145311.0
008 171229s1999 vie
040 |a LSK 
041 0 |a VIE 
082 0 |a 005.13  |b BU-H 
245 0 0 |a Tự học lập trình Pascal. Tập 2 (Có thể tham khảo để dạy cho học sinh lớp 7)  |c Bùi Việt Hà chủ biên; Nguyễn Quang Hòa 
260 |b Giáo Dục  |c 1999 
300 |a 142 pages  |c 20,5 cm. 
653 |a Pascal (Ngôn ngữ lập trình máy tính) 
852 |a Phòng Đọc - Phòng Mượn 
901 |a 18 
927 |a Sách tham khảo 
OWN |a LSK 
AVA |a UDN50  |b LSK  |d 005.13 BU-H  |e check_holdings  |t Error 5003 Not defined in file expand_doc_bib_avail.  |h N  |k 1 
999 |a From the UDN01 
AVA |a UDN50  |b LSK  |d 005.13 BU-H  |e available  |t Error 5001 Not defined in file expand_doc_bib_avail.  |f 18  |g 0  |h N  |i 0  |k 1 
TYP |a Monograph 
TYP |a Printed language 
980 |a Mạng thư viện Đại học Đà Nẵng